Bihar district gazetteers: Bhagalpur (Record no. 487371)

000 -LEADER
fixed length control field 00326cam a22001097a 4500
008 - FIXED-LENGTH DATA ELEMENTS--GENERAL INFORMATION
fixed length control field 180718b1962 xxu||||| |||| 00| 0 eng d
082 ## - DEWEY DECIMAL CLASSIFICATION NUMBER
Classification number A75 B489BH
245 ## - TITLE STATEMENT
Title Bihar district gazetteers: Bhagalpur
Statement of responsibility, etc. by P.C. Roy Chaudhary
260 ## - PUBLICATION, DISTRIBUTION, ETC.
Place of publication, distribution, etc. Patna
Name of publisher, distributor, etc. Bihar District Gazetteers
Date of publication, distribution, etc. 1962
300 ## - PHYSICAL DESCRIPTION
Extent 731+p.
700 ## - ADDED ENTRY--PERSONAL NAME
Personal name Roy Chaudhury, P.C.
Holdings
Withdrawn status Lost status Damaged status Not for loan Permanent Location Current Location Date acquired Full call number Barcode Date last seen Price effective from Koha item type
        Indian Institute of Public Administration Indian Institute of Public Administration 2018-08-04 A75 B489BH G11578 2018-08-04 2018-08-04 G

Powered by Koha